000 00611cam a2200217 4500
001 D5546
008 090401t1980 xxu||||| |||| 00| 0 eng d
035 _a(Sirsi) u55164
041 _aeng
050 _a333.332
100 _aHeuer, Karla L
245 _aGolf courses: a guide to analysis and valuation, prepared in collaboration with Cecil McKay, Jr.
260 _aChicago
_bAmerican Institute of Real Estate Apprai
_c1980
300 _aviii. 128p. illus. 24cm
350 _a0
650 _aGOLF COURSES
650 _aUNITED STATES
650 _aValuation
_96273
942 _n0
948 _c04/03/1997
999 _c93570
_d93570